| 000 | 01137cam a2200313 i 4500 | ||
|---|---|---|---|
| 999 |
_c66859 _d66859 |
||
| 001 | 66859 | ||
| 003 | Mx-PuUPA | ||
| 005 | 20230522130834.0 | ||
| 008 | 170314s2016 caua r 000 0 eng d | ||
| 020 | _a9781119003618 | ||
| 040 |
_aMx-PuUPA _bspa _cMx-PuUPA _dMx-PuUPA _erda |
||
| 041 | 0 | _aeng | |
| 100 | 1 |
_aMerriam, Sharan B., _eautor _93691 |
|
| 245 | 1 | 0 |
_aQualitative research : _ba guide to design and implementation / _cSharan B. Merriam, Elizabeth J. Tisdell |
| 250 | _aFourth edition | ||
| 264 | 1 |
_aSan Francisco, CA : _bJossey-Bass, _c©2016 |
|
| 300 |
_axix, 346 páginas : _bilustraciones ; _c23 cm |
||
| 336 |
_atexto _2rdacontent _btxt |
||
| 337 |
_asin medio _2rdamedia _bn |
||
| 338 |
_avolumen _2rdacarrier _bnc |
||
| 650 | 4 |
_aEducación _xInvestigación _xMetodología |
|
| 650 | 4 |
_aEducación _xInvestigación _xEstudios de caso |
|
| 650 | 4 |
_aCualitativo _xInvestigación |
|
| 700 | 1 |
_aTisdell, Elizabeth J., _d1955- _eautor |
|
| 942 |
_2ddc _cLI _h370.72 _iM552 |
||